[Event "NDVM 2019 U16"]
[Site "Kiel"]
[Date "2019.09.08"]
[Round "3.10"]
[White "Kotyk, Michael"]
[Black "Sperling, Niclas"]
[Result "1-0"]
[BlackElo "1694"]
[WhiteElo "2077"]
[LiveChessVersion "1.4.8"]

1. Nf3 {[%clk 1:30:52]} c5 {[%clk 1:29:19]} 2. c4 {[%clk 1:31:14]} Nc6
{[%clk 1:29:41]} 3. b3 {[%clk 1:31:17]} Nf6 {[%clk 1:28:07]} 4. g3
{[%clk 1:31:27]} g6 {[%clk 1:28:28]} 5. Bb2 {[%clk 1:31:52]} Bg7 {[%clk 1:28:43]}
6. Bg2 {[%clk 1:31:50]} d6 {[%clk 1:28:53]} 7. d4 {[%clk 1:29:22]} Nd7
{[%clk 1:18:48]} 8. O-O {[%clk 1:24:07]} O-O {[%clk 1:17:13]} 9. Qd2
{[%clk 1:22:35]} Rb8 {[%clk 1:14:19]} 10. e4 {[%clk 1:14:54]} cxd4
{[%clk 1:12:23]} 11. Nxd4 {[%clk 1:15:14]} Nxd4 {[%clk 1:11:15]} 12. Bxd4
{[%clk 1:15:42]} b6 {[%clk 1:11:13]} 13. Nc3 {[%clk 1:14:50]} Nc5
{[%clk 1:08:16]} 14. Be3 {[%clk 1:09:18]} Bb7 {[%clk 1:07:21]} 15. Rab1
{[%clk 1:04:40]} Qd7 {[%clk 0:55:18]} 16. Rfc1 {[%clk 0:58:57]} Rbc8
{[%clk 0:55:04]} 17. Nd5 {[%clk 0:55:05]} Rfd8 {[%clk 0:34:25]} 18. a4
{[%clk 0:52:54]} e6 {[%clk 0:27:59]} 19. Nc3 {[%clk 0:49:31]} f5 {[%clk 0:21:48]}
20. exf5 {[%clk 0:46:21]} gxf5 {[%clk 0:21:30]} 21. Bg5 {[%clk 0:44:33]} Bxc3
{[%clk 0:20:25]} 22. Qxc3 {[%clk 0:43:12]} Ne4 {[%clk 0:20:26]} 23. Qe3
{[%clk 0:39:21]} Rf8 {[%clk 0:17:22]} 24. Rd1 {[%clk 0:37:47]} Rf7
{[%clk 0:12:14]} 25. Bf4 {[%clk 0:36:50]} Rd8 {[%clk 0:06:04]} 26. f3
{[%clk 0:36:09]} Nf6 {[%clk 0:04:52]} 27. Rxd6 {[%clk 0:35:46]} Qxd6
{[%clk 0:04:34]} 28. Bxd6 {[%clk 0:36:15]} Rxd6 {[%clk 0:05:01]} 29. Qe5
{[%clk 0:34:53]} Ne8 {[%clk 0:03:09]} 30. Rb2 {[%clk 0:32:07]} Rfd7
{[%clk 0:02:26]} 31. Re2 {[%clk 0:32:12]} Ng7 {[%clk 0:02:37]} 32. a5
{[%clk 0:28:54]} bxa5 {[%clk 0:01:21]} 33. Qxa5 {[%clk 0:28:13]} 1-0

[Event "NDVM 2019 U16"]
[Site "Kiel"]
[Date "2019.09.08"]
[Round "3.11"]
[White "May, Ben-Iven"]
[Black "Klaas, Heiko"]
[Result "1-0"]
[BlackElo "1890"]
[WhiteElo "1870"]
[LiveChessVersion "1.4.8"]

1. e4 {[%clk 1:30:30]} e5 {[%clk 1:30:54]} 2. Nf3 {[%clk 1:31:24]} Nc6
{[%clk 1:31:19]} 3. Bb5 {[%clk 1:31:51]} a6 {[%clk 1:31:45]} 4. Ba4
{[%clk 1:32:17]} Nf6 {[%clk 1:31:53]} 5. O-O {[%clk 1:32:31]} Be7
{[%clk 1:31:56]} 6. Re1 {[%clk 1:32:50]} b5 {[%clk 1:31:30]} 7. Bb3
{[%clk 1:33:15]} d6 {[%clk 1:31:49]} 8. c3 {[%clk 1:33:18]} O-O {[%clk 1:31:03]}
9. d3 {[%clk 1:33:42]} Na5 {[%clk 1:23:04]} 10. Bc2 {[%clk 1:33:21]} c5
{[%clk 1:22:56]} 11. Nbd2 {[%clk 1:33:42]} Re8 {[%clk 1:17:04]} 12. Nf1
{[%clk 1:33:00]} Bf8 {[%clk 1:15:10]} 13. Ng3 {[%clk 1:32:21]} g6
{[%clk 1:11:15]} 14. d4 {[%clk 1:20:18]} Qc7 {[%clk 0:58:19]} 15. b3
{[%clk 1:00:26]} Bg7 {[%clk 0:53:51]} 16. Bb2 {[%clk 1:00:20]} Bg4
{[%clk 0:53:42]} 17. dxe5 {[%clk 0:58:34]} dxe5 {[%clk 0:52:32]} 18. Qe2
{[%clk 0:57:58]} Rad8 {[%clk 0:48:10]} 19. Rad1 {[%clk 0:57:58]} c4
{[%clk 0:47:46]} 20. b4 {[%clk 0:56:53]} Nb7 {[%clk 0:44:21]} 21. h3
{[%clk 0:57:06]} Bc8 {[%clk 0:43:50]} 22. Bc1 {[%clk 0:53:02]} Nd6
{[%clk 0:40:09]} 23. Be3 {[%clk 0:40:25]} Nd7 {[%clk 0:38:46]} 24. Rd2
{[%clk 0:37:33]} Nf8 {[%clk 0:38:16]} 25. Red1 {[%clk 0:36:30]} Ne6
{[%clk 0:36:50]} 26. Qe1 {[%clk 0:31:06]} f6 {[%clk 0:31:11]} 27. a4
{[%clk 0:30:51]} Bb7 {[%clk 0:29:38]} 28. a5 {[%clk 0:30:58]} Nc8
{[%clk 0:25:45]} 29. h4 {[%clk 0:28:25]} Rxd2 {[%clk 0:25:05]} 30. Rxd2
{[%clk 0:27:47]} Rd8 {[%clk 0:25:25]} 31. h5 {[%clk 0:27:56]} Rxd2
{[%clk 0:24:42]} 32. Qxd2 {[%clk 0:28:23]} Qd6 {[%clk 0:24:13]} 33. hxg6
{[%clk 0:26:31]} hxg6 {[%clk 0:24:24]} 34. Qe2 {[%clk 0:24:27]} Kf7
{[%clk 0:16:36]} 35. Nh4 {[%clk 0:24:14]} Ne7 {[%clk 0:16:37]} 36. Qg4
{[%clk 0:19:36]} Nf8 {[%clk 0:11:06]} 37. Bc5 {[%clk 0:18:09]} Qe6
{[%clk 0:02:48]} 38. Ngf5 {[%clk 0:11:32]} gxf5 {[%clk 0:01:16]} 39. Qh5+
{[%clk 0:11:55]} Kg8 {[%clk 0:01:34]} 40. exf5 {[%clk 0:12:10]} Qd5
{[%clk 0:00:38]} 41. Bxe7 {[%clk 0:12:23]} Qxg2+ 42. Nxg2 1-0

[Event "NDVM 2019 U16"]
[Site "Kiel"]
[Date "2019.09.08"]
[Round "3.12"]
[White "Goltser, Ilja"]
[Black "Petersen, Sophie"]
[Result "1-0"]
[BlackElo "1519"]
[WhiteElo "1830"]
[LiveChessVersion "1.4.8"]

1. e4 {[%clk 1:30:49]} c5 {[%clk 1:30:40]} 2. Nf3 {[%clk 1:31:10]} d6
{[%clk 1:30:59]} 3. Bb5+ {[%clk 1:31:32]} Nd7 {[%clk 1:31:19]} 4. Ba4
{[%clk 1:31:12]} Ngf6 {[%clk 1:30:15]} 5. O-O {[%clk 1:30:40]} a6
{[%clk 1:27:10]} 6. c4 {[%clk 1:29:59]} e6 {[%clk 1:25:15]} 7. Nc3
{[%clk 1:30:13]} Be7 {[%clk 1:24:29]} 8. d4 {[%clk 1:27:39]} cxd4
{[%clk 1:22:19]} 9. Nxd4 {[%clk 1:28:04]} O-O {[%clk 1:21:46]} 10. Bc2
{[%clk 1:23:55]} Qc7 {[%clk 1:17:18]} 11. Qe2 {[%clk 1:21:30]} b6
{[%clk 1:16:33]} 12. b3 {[%clk 1:11:55]} Bb7 {[%clk 1:14:49]} 13. Bb2
{[%clk 1:07:59]} Ne5 {[%clk 1:12:06]} 14. Rac1 {[%clk 1:04:05]} Rac8
{[%clk 1:07:27]} 15. Bb1 {[%clk 1:02:47]} Qd7 {[%clk 1:03:39]} 16. Rfd1
{[%clk 0:57:58]} Rfd8 {[%clk 0:59:58]} 17. Kh1 {[%clk 0:44:45]} Bf8
{[%clk 0:57:02]} 18. f3 {[%clk 0:43:50]} Ng6 {[%clk 0:48:22]} 19. Na4
{[%clk 0:40:51]} Qc7 {[%clk 0:43:27]} 20. Qf2 {[%clk 0:37:56]} Nd7
{[%clk 0:37:41]} 21. Nc2 {[%clk 0:32:11]} Nc5 {[%clk 0:37:20]} 22. Nxc5
{[%clk 0:32:38]} bxc5 {[%clk 0:37:04]} 23. Ne3 {[%clk 0:32:15]} Bc6
{[%clk 0:33:39]} 24. h4 {[%clk 0:24:03]} h6 {[%clk 0:29:26]} 25. Qg3
{[%clk 0:19:16]} Qe7 {[%clk 0:20:38]} 26. h5 {[%clk 0:17:34]} Ne5
{[%clk 0:18:14]} 27. f4 {[%clk 0:14:00]} Nd7 {[%clk 0:16:30]} 28. Ng4
{[%clk 0:14:11]} g6 {[%clk 0:11:06]} 29. e5 {[%clk 0:10:36]} dxe5
{[%clk 0:10:32]} 30. fxe5 {[%clk 0:10:39]} Bg7 {[%clk 0:10:08]} 31. hxg6
{[%clk 0:10:34]} fxg6 {[%clk 0:09:14]} 32. Bxg6 {[%clk 0:10:25]} Qg5
{[%clk 0:08:17]} 33. Rf1 {[%clk 0:06:37]} Rf8 {[%clk 0:07:37]} 34. Kg1
{[%clk 0:03:16]} Qxg6 {[%clk 0:01:57]} 35. Rf6 {[%clk 0:00:56]} Qg5
{[%clk 0:00:39]} 36. Nxh6+ {[%clk 0:00:53]} Bxh6 {[%clk 0:01:05]} 37. Rg6+
{[%clk 0:01:22]} Qxg6 {[%clk 0:00:59]} 38. Qxg6+ {[%clk 0:01:50]} Kh8
{[%clk 0:01:16]} 39. Qxh6+ {[%clk 0:02:09]} Kg8 {[%clk 0:01:32]} 40. Qg6+
{[%clk 0:02:29]} Kh8 {[%clk 0:01:50]} 41. Rc3 {[%clk 0:02:51]} 1-0

[Event "SK Nordhorn-Blanke-Reideburger SV"]
[Site "Kiel"]
[Date "2019.09.08"]
[Round "3.1"]
[White "Post, Hugo"]
[Black "Rudi, Jonathan"]
[Result "1/2-1/2"]
[WhiteElo "2176"]
[BlackElo "1699"]
[Annotator "Rnd./Pair./Board: 03.004.01"]
[PlyCount "109"]
[EventDate "2019.??.??"]
[WhiteTeam "Reideburger SV"]
[BlackTeam "SK Nordhorn-Blanke"]

1. e4 c5 2. Nf3 Nc6 3. d4 cxd4 4. Nxd4 Nf6 5. Nc3 e5 6. Ndb5 d6 7. Bg5 a6 8.
Na3 b5 9. Nd5 Be7 10. Bxf6 Bxf6 11. c3 O-O 12. Nc2 Bg5 13. a4 bxa4 14. Rxa4 a5
15. Bc4 Rb8 16. b3 Kh8 17. Nce3 f5 18. exf5 Bxf5 19. Nxf5 Rxf5 20. h4 Be7 21.
Bd3 Rf7 22. h5 Bg5 23. Qc2 Qg8 24. Rg4 Bh6 25. O-O Ne7 26. Bc4 Qf8 27. Nc7 Rf4
28. Ne6 Qf5 29. Qxf5 Rxf5 30. Rd1 Rb6 31. Nd8 d5 32. Bxd5 Rd6 33. Nb7 Rxd5 34.
Rxd5 Nxd5 35. Ra4 g6 36. hxg6 hxg6 37. c4 Nb4 38. Rxa5 Nd3 39. f3 Bf8 40. Rd5
Nb4 41. Rd8 Kg7 42. Nd6 Bxd6 43. Rxd6 Rf6 44. Rd7+ Rf7 45. Rd6 Re7 46. Kf2 e4
47. fxe4 Rxe4 48. Kf3 Re1 49. Rb6 Nc2 50. Kf2 Kf7 51. c5 Re7 52. b4 Ke8 53. b5
Nd4 54. c6 Kd8 55. Rb8+ 1/2-1/2

[Event "SK Nordhorn-Blanke-Reideburger SV"]
[Site "Kiel"]
[Date "2019.09.08"]
[Round "3.2"]
[White "ter Stal, Lars"]
[Black "Dietz, Florian"]
[Result "0-1"]
[WhiteElo "1716"]
[BlackElo "2080"]
[Annotator "Rnd./Pair./Board: 03.004.02"]
[PlyCount "164"]
[EventDate "2019.??.??"]
[WhiteTeam "SK Nordhorn-Blanke"]
[BlackTeam "Reideburger SV"]

1. e4 c5 2. Nf3 e6 3. d3 d5 4. Nbd2 Nc6 5. g3 Nf6 6. Bg2 Be7 7. O-O O-O 8. Re1
b5 9. e5 Nd7 10. Nf1 a5 11. h4 b4 12. Bf4 Ba6 13. N1h2 a4 14. c3 Qa5 15. c4
Rad8 16. cxd5 exd5 17. Ng5 h6 18. Nxf7 Rxf7 19. Bxd5 Ndxe5 20. Bxf7+ Nxf7 21.
Qg4 Qb6 22. Nf3 Bf6 23. Rad1 Bxd3 24. Rxd3 Rxd3 25. Re8+ Kh7 26. Qf5+ g6 27.
Qxd3 Nd4 28. Nxd4 Bxd4 29. Qe4 Qf6 30. h5 Qf5 31. hxg6+ Qxg6 32. Qxg6+ Kxg6 33.
b3 a3 34. Be3 Ng5 35. Bxd4 Nf3+ 36. Kg2 Nxd4 37. Rc8 Nb5 38. Rd8 Nd4 39. Rd5
Nxb3 40. axb3 c4 41. bxc4 a2 42. Ra5 b3 43. Ra6+ Kf5 44. Kf3 b2 45. Rxa2 b1=Q
46. Ra5+ Kf6 47. Ra6+ Ke5 48. Kg4 Qf5+ 49. Kh4 Ke4 50. g4 Qxf2+ 51. Kh5 Qh2+
52. Kg6 Qf4 53. Kg7 Qxg4+ 54. Rg6 Qh4 55. Rxh6 Qe7+ 56. Kg6 Kd4 57. c5 Kxc5 58.
Rh5+ Kd4 59. Rf5 Ke4 60. Rf6 Qe8+ 61. Rf7 Ke5 62. Kg7 Qd8 63. Kg6 Qg8+ 64. Rg7
Qe6+ 65. Kh7 Qh3+ 66. Kg8 Kf6 67. Rf7+ Ke6 68. Rg7 Qh5 69. Rh7 Qg5+ 70. Rg7
Qd8+ 71. Kh7 Qd3+ 72. Kg8 Qe4 73. Kh8 Qd4 74. Kh7 Qe5 75. Kg8 Kf6 76. Kh7 Qe8
77. Ra7 Qh5+ 78. Kg8 Qg4+ 79. Kh7 Qh3+ 80. Kg8 Qg3+ 81. Kh7 Qh2+ 82. Kg8 Qg1+
0-1

[Event "SK Nordhorn-Blanke-Reideburger SV"]
[Site "Kiel"]
[Date "2019.09.08"]
[Round "3.3"]
[White "Henning, Marvin"]
[Black "Meijerink, Inken"]
[Result "1/2-1/2"]
[WhiteElo "2034"]
[BlackElo "1729"]
[Annotator "Rnd./Pair./Board: 03.004.03"]
[PlyCount "114"]
[EventDate "2019.??.??"]
[WhiteTeam "Reideburger SV"]
[BlackTeam "SK Nordhorn-Blanke"]

1. e4 c5 2. Na3 Nc6 3. Bb5 Nf6 4. d3 g6 5. f4 Bg7 6. Nf3 O-O 7. O-O d5 8. e5
Ng4 9. c3 Qb6 10. h3 Nh6 11. Be3 a6 12. Bxc6 Qxc6 13. Bf2 f6 14. Re1 Nf7 15. b4
b6 16. Qb3 fxe5 17. fxe5 Be6 18. bxc5 bxc5 19. Rab1 d4 20. Qb6 Qxb6 21. Rxb6
Bxa2 22. cxd4 cxd4 23. Bxd4 Bd5 24. Nc4 Bxf3 25. gxf3 Ng5 26. Kg2 Nxf3 27. Re4
Nxd4 28. Rxd4 Rfd8 29. Rxa6 Rxd4 30. Rxa8+ Kf7 31. Ra3 Rd5 32. Kf3 Bxe5 33. Ra5
Rxa5 34. Nxa5 Kf6 35. Nc4 Bd4 36. Nd2 Kf5 37. Ne4 g5 38. Ng3+ Kg6 39. Ne2 Be5
40. Ke4 Bd6 41. Nd4 h5 42. Nf5 g4 43. hxg4 hxg4 44. Nh4+ Kg5 45. Ng2 g3 46. Kf3
Kf5 47. Ne3+ Kg5 48. Ng2 Bc7 49. Ne3 Kh4 50. Kg2 e6 51. Nc2 Kg4 52. Nd4 e5 53.
Ne2 Bb6 54. Nxg3 Kf4 55. Ne4 Ke3 56. Kg3 Kxd3 57. Kf3 Bd4 1/2-1/2

[Event "SK Nordhorn-Blanke-Reideburger SV"]
[Site "Kiel"]
[Date "2019.09.08"]
[Round "3.4"]
[White "Hallfarth, Luise"]
[Black "Seidel, Arne Christian"]
[Result "0-1"]
[WhiteElo "1569"]
[BlackElo "1765"]
[Annotator "Rnd./Pair./Board: 03.004.04"]
[PlyCount "70"]
[EventDate "2019.??.??"]
[WhiteTeam "SK Nordhorn-Blanke"]
[BlackTeam "Reideburger SV"]

1. e4 d6 2. d4 Nf6 3. Nc3 e5 4. dxe5 dxe5 5. Qxd8+ Kxd8 6. Bg5 c6 7. O-O-O+ Ke8
8. Bc4 b5 9. Be2 Be6 10. g3 Nbd7 11. f4 b4 12. Na4 Nxe4 13. Bf3 Nf2 14. Bxc6
Rc8 15. Bf3 e4 16. Bg2 f6 17. Bh4 Nxd1 18. Kxd1 Bd5 19. Ne2 Bc6 20. b3 Bxa4 21.
bxa4 Nc5 22. Kc1 Nd3+ 23. Kb1 Nf2 24. Re1 Bc5 25. g4 h5 26. Ng1 hxg4 27. Bxf2
Bxf2 28. Rxe4+ Kf7 29. Ne2 Rxh2 30. Bf1 Rh1 31. Rxb4 Rxf1+ 32. Kb2 g3 33. f5 g2
34. Rg4 g1=Q 35. Nxg1 Rxg1 0-1

[Event "SV Mattnetz Berlin-SK Weisse Dame Hambur"]
[Site "Kiel"]
[Date "2019.09.08"]
[Round "3.1"]
[White "Popist, Florian"]
[Black "Huels, Maximilian"]
[Result "1-0"]
[WhiteElo "2043"]
[BlackElo "1920"]
[Annotator "Rnd./Pair./Board: 03.005.01"]
[PlyCount "77"]
[EventDate "2019.??.??"]
[WhiteTeam "SK Weisse Dame Hamburg"]
[BlackTeam "SV Mattnetz Berlin"]

1. e4 e6 2. d4 d5 3. Nd2 Nc6 4. Ngf3 Nf6 5. e5 Nd7 6. c4 f6 7. cxd5 exd5 8. Bb5
fxe5 9. dxe5 Be7 10. Nb3 a6 11. Bxc6 bxc6 12. Nbd4 Nb8 13. Qc2 Bb4+ 14. Bd2
Bxd2+ 15. Nxd2 Qd7 16. O-O O-O 17. Rac1 Bb7 18. N2b3 Qg4 19. h3 Qh5 20. Ne6 Rc8
21. Nec5 Ra7 22. Na5 Ba8 23. e6 Re8 24. Rce1 Qg5 25. Qc3 Qe7 26. Qd4 Qf6 27.
Qxf6 gxf6 28. f4 Kf8 29. b4 Ke7 30. g4 Rd8 31. Rf3 Rg8 32. Kf2 h6 33. Ke3 Rg7
34. Rg1 Rg8 35. Rfg3 Rh8 36. h4 Rg8 37. g5 hxg5 38. hxg5 fxg5 39. Rxg5 1-0

[Event "SV Mattnetz Berlin-SK Weisse Dame Hambur"]
[Site "Kiel"]
[Date "2019.09.08"]
[Round "3.2"]
[White "Schnabel, Luise"]
[Black "Richter, Merlin"]
[Result "0-1"]
[WhiteElo "1892"]
[BlackElo "1522"]
[Annotator "Rnd./Pair./Board: 03.005.02"]
[PlyCount "148"]
[EventDate "2019.??.??"]
[WhiteTeam "SV Mattnetz Berlin"]
[BlackTeam "SK Weisse Dame Hamburg"]

1. e4 e6 2. d4 d5 3. e5 c5 4. Nf3 Qb6 5. c3 Nc6 6. a3 Bd7 7. Be2 cxd4 8. cxd4
Nge7 9. b4 Nf5 10. Bb2 Be7 11. O-O O-O 12. Qd3 a6 13. Nbd2 Na7 14. Nb3 Bb5 15.
Qd2 Bxe2 16. Qxe2 Qb5 17. Qd2 Nc6 18. Bc3 b6 19. Qc2 a5 20. bxa5 bxa5 21. Rfb1
Qc4 22. Nbd2 Ncxd4 23. Qxf5 Qxc3 24. Qg4 Nc2 25. Rc1 Qxa1 26. Rxa1 Nxa1 27. a4
Rfc8 28. h4 Rab8 29. Qd4 Nc2 30. Qa7 Bb4 31. Kh2 Bc5 32. Qxa5 Ra8 33. Qb5 Bxf2
34. Qd7 Nd4 35. Ng5 Rf8 36. Ndf3 Rad8 37. Qb7 Nf5 38. a5 Nxh4 39. a6 Nxf3+ 40.
Nxf3 Rb8 41. Qd7 Ra8 42. Qd6 h6 43. Nd2 Rfb8 44. Qc6 Be3 45. Nf3 Ra7 46. Qc3
Bb6 47. Nd4 Bxd4 48. Qxd4 Rxa6 49. Qc5 Raa8 50. Qd4 Rf8 51. Qb6 Rac8 52. Qd4
Rc4 53. Qd3 Re4 54. Qc3 Rc4 55. Qd3 Rfc8 56. Qd2 Re4 57. Qb2 g6 58. Qb7 Rcc4
59. Qb3 Kg7 60. Qb2 Rh4+ 61. Kg1 Rh5 62. Qa1 Rg5 63. Qf1 Rxe5 64. Qa1 Rce4 65.
Kh2 d4 66. Qd1 Rd5 67. Qd3 Re3 68. Qd2 e5 69. Qa2 Rd6 70. Qd2 e4 71. Qb4 Rd5
72. Qc4 Rh5+ 73. Kg1 Rd3 74. Qc2 Kf6 0-1

[Event "SV Mattnetz Berlin-SK Weisse Dame Hambur"]
[Site "Kiel"]
[Date "2019.09.08"]
[Round "3.3"]
[White "Tuerk, Janusch"]
[Black "Grozea, Filip"]
[Result "0-1"]
[WhiteElo "1317"]
[BlackElo "1736"]
[Annotator "Rnd./Pair./Board: 03.005.03"]
[PlyCount "56"]
[EventDate "2019.??.??"]
[WhiteTeam "SK Weisse Dame Hamburg"]
[BlackTeam "SV Mattnetz Berlin"]

1. e4 c6 2. d4 d5 3. exd5 cxd5 4. Bd3 Nc6 5. c3 Qc7 6. Qe2 Nf6 7. h3 e6 8. Nf3
a6 9. O-O Bd6 10. Re1 b5 11. Ne5 Bxe5 12. dxe5 Nd7 13. Bf4 Nc5 14. Bc2 Bb7 15.
Nd2 d4 16. Nf3 dxc3 17. bxc3 Ne7 18. c4 bxc4 19. Qxc4 Bxf3 20. gxf3 Qc6 21. Be3
Nd7 22. Qd3 Nxe5 23. Qd4 Nxf3+ 24. Kf1 O-O 25. Qd3 Nf5 26. Red1 N3h4 27. Rab1
Qg2+ 28. Ke1 Nf3+ 0-1

[Event "SV Mattnetz Berlin-SK Weisse Dame Hambur"]
[Site "Kiel"]
[Date "2019.09.08"]
[Round "3.4"]
[White "Stockter, Jasper Enno"]
[Black "Worthmann Gonzalez, Luka"]
[Result "0-1"]
[WhiteElo "1735"]
[BlackElo "1136"]
[Annotator "Rnd./Pair./Board: 03.005.04"]
[PlyCount "78"]
[EventDate "2019.??.??"]
[WhiteTeam "SV Mattnetz Berlin"]
[BlackTeam "SK Weisse Dame Hamburg"]

1. e4 e5 2. Nf3 Nc6 3. d4 exd4 4. Nxd4 Bc5 5. Be3 Qf6 6. c3 d6 7. Bc4 Bd7 8.
O-O a6 9. f4 O-O-O 10. b4 Ba7 11. a4 Re8 12. Qd3 Nxd4 13. Bxd4 Bxd4+ 14. cxd4
Ne7 15. b5 a5 16. Qc3 b6 17. Rc1 Kb8 18. e5 Qxf4 19. Bxf7 Rc8 20. Rf1 Qh6 21.
Nd2 Be6 22. Bxe6 Qxe6 23. Rfe1 Nd5 24. Qb3 c5 25. exd6 Qxd6 26. Ne4 Qd7 27.
dxc5 bxc5 28. Rad1 c4 29. Qg3+ Ka8 30. Nd6 Rc5 31. Qe5 c3 32. Rxd5 Rxd5 33.
Qxd5+ Kb8 34. Qc5 c2 35. Rc1 Qe7 36. Qc6 Rd8 37. h3 Rxd6 38. Qxc2 Rd8 39. Kh1
Qd7 0-1

[Event "SV Bad Schwartau-SK Lehrte"]
[Site "Kiel"]
[Date "2019.09.08"]
[Round "3.1"]
[White "Dornieden, Jonas"]
[Black "Schwerdt, Anton Gabriel"]
[Result "1-0"]
[WhiteElo "1929"]
[BlackElo "1476"]
[Annotator "Rnd./Pair./Board: 03.006.01"]
[PlyCount "65"]
[EventDate "2019.??.??"]
[WhiteTeam "SK Lehrte"]
[BlackTeam "SV Bad Schwartau"]

1. d4 Nf6 2. c4 e6 3. Nf3 b6 4. g3 Bb7 5. Bg2 d5 6. O-O c5 7. Nbd2 Be7 8. b3
O-O 9. Bb2 Nbd7 10. Qc2 Qc8 11. Rac1 h6 12. Rfd1 Rd8 13. e3 Nf8 14. dxc5 Bxc5
15. Bxf6 gxf6 16. Qb2 dxc4 17. Qxf6 Ng6 18. Rxc4 Be7 19. Qc3 Qb8 20. h4 Rc8 21.
h5 Rxc4 22. Nxc4 Nf8 23. Rd4 Nh7 24. Rg4+ Ng5 25. Nxg5 hxg5 26. h6 f6 27. Rxg5+
Kh8 28. Rg7 Bxg2 29. Rxe7 Qf8 30. Rg7 Rc8 31. Kxg2 b5 32. Qd3 f5 33. Ne5 1-0

[Event "SV Bad Schwartau-SK Lehrte"]
[Site "Kiel"]
[Date "2019.09.08"]
[Round "3.2"]
[White "Elstner, Mirja"]
[Black "Haselhorst, Nils"]
[Result "1/2-1/2"]
[WhiteElo "1243"]
[BlackElo "1701"]
[Annotator "Rnd./Pair./Board: 03.006.02"]
[PlyCount "62"]
[EventDate "2019.??.??"]
[WhiteTeam "SV Bad Schwartau"]
[BlackTeam "SK Lehrte"]

1. e4 e5 2. Nf3 Nc6 3. Bc4 Nf6 4. d3 Bc5 5. Nc3 h6 6. Be3 Bb6 7. Qd2 d6 8. h3
Be6 9. Bb3 Qd7 10. Nd5 Bxe3 11. fxe3 O-O-O 12. O-O-O Kb8 13. Nxf6 gxf6 14. Bxe6
Qxe6 15. Kb1 h5 16. Rde1 Rdg8 17. Nh4 Ne7 18. Rhg1 Rg3 19. Ref1 Rhg8 20. Nf5
Nxf5 21. exf5 Qd5 22. e4 Qc5 23. Qh6 b6 24. Qxh5 Rxg2 25. Rxg2 Rxg2 26. Qd1 Rh2
27. Rh1 Qf2 28. b3 Rxh1 29. Qxh1 Qh4 30. Qg2 Qg5 31. Qh2 Qh4 1/2-1/2

[Event "SV Bad Schwartau-SK Lehrte"]
[Site "Kiel"]
[Date "2019.09.08"]
[Round "3.3"]
[White "Busse, Lukas-Oliver"]
[Black "Schwerdtfeger, Hauke"]
[Result "1-0"]
[WhiteElo "1623"]
[BlackElo "1257"]
[Annotator "Rnd./Pair./Board: 03.006.03"]
[PlyCount "47"]
[EventDate "2019.??.??"]
[WhiteTeam "SK Lehrte"]
[BlackTeam "SV Bad Schwartau"]

1. e4 e6 2. d4 d5 3. Nd2 Nf6 4. e5 Nfd7 5. Bd3 c5 6. c3 Nc6 7. Ne2 Qb6 8. Nf3
Be7 9. Bc2 O-O 10. h4 f6 11. exf6 Nxf6 12. h5 Bd7 13. Ne5 Be8 14. Nf4 Nxe5 15.
dxe5 Nd7 16. Qd3 Rf5 17. Nxe6 Qxe6 18. Qxf5 Qxf5 19. Bxf5 Nxe5 20. Bd2 Bc6 21.
O-O-O d4 22. Rde1 Bf6 23. f3 Nc4 24. Be6+ 1-0

[Event "SV Bad Schwartau-SK Lehrte"]
[Site "Kiel"]
[Date "2019.09.08"]
[Round "3.4"]
[White "Deierberg, Simon"]
[Black "Kosmehl, Konrad"]
[Result "0-1"]
[WhiteElo "1074"]
[BlackElo "1556"]
[Annotator "Rnd./Pair./Board: 03.006.04"]
[PlyCount "52"]
[EventDate "2019.??.??"]
[WhiteTeam "SV Bad Schwartau"]
[BlackTeam "SK Lehrte"]

1. e4 c6 2. d4 d5 3. Nc3 dxe4 4. Nxe4 Bf5 5. f3 Nd7 6. Bf4 Ngf6 7. Bd3 Bg6 8.
Qe2 e6 9. Nd6+ Bxd6 10. Bxd6 Nb6 11. Bc5 Na4 12. Bxg6 hxg6 13. O-O-O Nxc5 14.
dxc5 Qa5 15. Kb1 Qxc5 16. Qe1 O-O 17. g4 Rfd8 18. h4 a5 19. a3 b5 20. c3 Qc4
21. b3 Qxb3+ 22. Kc1 Qxa3+ 23. Kc2 Qa2+ 24. Kc1 a4 25. g5 a3 26. gxf6 Qb2# 0-1

[Event "Greifswalder SV-SC Borussia Lichtenberg"]
[Site "Kiel"]
[Date "2019.09.08"]
[Round "3.1"]
[White "Kluehs, Gustaf"]
[Black "Fromm, Marius"]
[Result "0-1"]
[WhiteElo "1887"]
[BlackElo "2069"]
[Annotator "Rnd./Pair./Board: 03.007.01"]
[PlyCount "114"]
[EventDate "2019.??.??"]
[WhiteTeam "SC Borussia Lichtenberg"]
[BlackTeam "Greifswalder SV"]

1. Nf3 Nf6 2. g3 d5 3. Bg2 e6 4. c4 Be7 5. O-O O-O 6. d4 dxc4 7. Ne5 Nc6 8.
Bxc6 bxc6 9. Nxc4 c5 10. dxc5 Bxc5 11. Qxd8 Rxd8 12. Be3 Bxe3 13. Nxe3 Ba6 14.
Re1 Kf8 15. b3 Ke7 16. Nc3 Rd2 17. f3 Rad8 18. Rad1 Rxd1 19. Rxd1 Rxd1+ 20.
Nexd1 Kd6 21. Kf2 Kc5 22. Ke3 Nd5+ 23. Kd2 Nxc3 24. Nxc3 Kb4 25. Kc2 Ka3 26. e3
h6 27. f4 Bf1 28. h4 Ba6 29. Kc1 Bf1 30. Kc2 a6 31. Kc1 Bd3 32. Kd2 Bf5 33. Kc1
Bg6 34. e4 f6 35. Kc2 e5 36. fxe5 fxe5 37. Kc1 Bf7 38. Kc2 Be6 39. Kd3 c6 40.
Kc2 a5 41. Na4 Kxa2 42. Nc5 Bf7 43. Kc3 Bg6 44. g4 Bh7 45. g5 hxg5 46. hxg5 Bg6
47. Kc2 Ka3 48. Kc3 Bh7 49. Kc4 Kb2 50. Nd3+ Kc2 51. Nxe5 Bxe4 52. Kd4 Bd5 53.
Nc4 Bxc4 54. Kxc4 g6 55. b4 a4 56. Kc5 a3 57. Kb6 a2 0-1

[Event "Greifswalder SV-SC Borussia Lichtenberg"]
[Site "Kiel"]
[Date "2019.09.08"]
[Round "3.2"]
[White "Troyke, Jannis"]
[Black "Ermitsch, Magnus"]
[Result "0-1"]
[WhiteElo "1846"]
[BlackElo "1761"]
[Annotator "Rnd./Pair./Board: 03.007.02"]
[PlyCount "68"]
[EventDate "2019.??.??"]
[WhiteTeam "Greifswalder SV"]
[BlackTeam "SC Borussia Lichtenberg"]

1. e4 c5 2. Nf3 a6 3. Nc3 b5 4. d4 cxd4 5. Nxd4 Bb7 6. a3 Qc7 7. Be2 Nf6 8. Bf3
e5 9. Nb3 Be7 10. O-O h6 11. g3 O-O 12. a4 b4 13. Nd5 Nxd5 14. exd5 d6 15. a5
f5 16. Ra4 Qc4 17. Qd3 Qxd3 18. cxd3 Nd7 19. Rxb4 Rfb8 20. Be3 Nf6 21. Rc1 Bxd5
22. Bxd5+ Nxd5 23. Rb6 Nxb6 24. axb6 Bg5 25. Bxg5 Rxb6 26. Be7 Rxb3 27. Bxd6
Rxb2 28. Bxe5 Rb7 29. d4 a5 30. Bd6 a4 31. Ra1 Rb3 32. Ba3 Kf7 33. Kf1 Ke6 34.
Ra2 Kd5 0-1

[Event "Greifswalder SV-SC Borussia Lichtenberg"]
[Site "Kiel"]
[Date "2019.09.08"]
[Round "3.3"]
[White "Kraft, Adrian"]
[Black "Wucherer, Sophie"]
[Result "1-0"]
[WhiteElo "1750"]
[BlackElo "1582"]
[Annotator "Rnd./Pair./Board: 03.007.03"]
[PlyCount "53"]
[EventDate "2019.??.??"]
[WhiteTeam "SC Borussia Lichtenberg"]
[BlackTeam "Greifswalder SV"]

1. c4 c5 2. Nc3 Nc6 3. g3 b6 4. Bg2 Bb7 5. d3 Nf6 6. Nf3 e6 7. Bf4 a6 8. O-O
Be7 9. Nd2 Ra7 10. Nde4 d6 11. Qa4 Qc7 12. a3 O-O 13. b4 Nxe4 14. Nxe4 Nd4 15.
Rfe1 Bc6 16. Qd1 Rb8 17. g4 Bd7 18. e3 Nc6 19. bxc5 bxc5 20. Nxc5 Bc8 21. Qa4
e5 22. Bg3 Na5 23. d4 Qd8 24. dxe5 dxc5 25. e6 Rb3 26. Rad1 Qf8 27. exf7+ 1-0

[Event "Greifswalder SV-SC Borussia Lichtenberg"]
[Site "Kiel"]
[Date "2019.09.08"]
[Round "3.4"]
[White "Brandt, Mattis"]
[Black "Gillmeister, Gino"]
[Result "0-1"]
[WhiteElo "1155"]
[BlackElo "1593"]
[Annotator "Rnd./Pair./Board: 03.007.04"]
[PlyCount "68"]
[EventDate "2019.??.??"]
[WhiteTeam "Greifswalder SV"]
[BlackTeam "SC Borussia Lichtenberg"]

1. e4 b6 2. Nc3 e6 3. d4 Bb7 4. Bd3 Bb4 5. Nge2 Nf6 6. f3 d5 7. e5 Nfd7 8. a3
Bxc3+ 9. Nxc3 Qh4+ 10. g3 Qxd4 11. Qe2 Qxe5 12. Qxe5 Nxe5 13. Bf4 Nxd3+ 14.
cxd3 c6 15. d4 O-O 16. Rc1 Nd7 17. Kf2 Rac8 18. Rhe1 Rfd8 19. g4 Nf6 20. h4 Ne8
21. g5 Nd6 22. Bxd6 Rxd6 23. h5 a6 24. g6 c5 25. gxh7+ Kxh7 26. dxc5 bxc5 27.
h6 gxh6 28. Rg1 Rdd8 29. Rg2 Rg8 30. Rh2 Bc6 31. Rch1 Rg6 32. Ke2 Rb8 33. Nd1
d4 34. Rf1 Bb5+ 0-1